Carpatica

Bibliographic Details
New Title:Carpatobalcanica
Format: Serial
Language:Russian
English
French
Slovak
PhysicalDescription:6 zv. 20-24 cm
Published: Bratislava Veda 1960-1976
ISSN:0528-1768
Subjects:

MARC

LEADER 00000cas a2200000 a 4500
001 vtls010033264
003 SK-MaSNL
005 20260228163827.0
008 220517d19601976xo x| 000 0rus
015 |a SKSNBA1974/11-02892 (r. 1973) 
022 |a 0528-1768 
040 |a SVKPO  |b slo  |c SVKPO  |d SNK  |e AACR2 
041 0 |a rus  |a eng  |a fre  |a slo 
043 |a ec-----  |a ee----- 
044 |a xo  |c SK 
072 7 |a 39  |x Etnológia. Etnografia. Folklór  |2 konspekt 
080 |a 39  |2 2011 
080 |a 008  |2 2011 
080 |a (292.451/.454)  |2 2011 
080 |a (055)  |2 2011 
210 0 |a Carpatica (Bratisl.) 
222 0 |a Carpatica (Bratislava) 
245 0 0 |a Carpatica 
260 |a Bratislava  |b Veda  |c 1960-1976 
300 |a 6 zv.  |c 20-24 cm 
310 |a Periodicita nie je známa 
362 0 |a 1 (1960)-6 (1976) 
500 |a Podnázov v tiráži: 1960,1963, informatívny bulletin Medzinárodnej komisie pre štúdium karpatskej kultúry pri ČSAV a SAV ; 1961, informatívny bulletin Medzinárodnej komisie pre štúdium ľudovej kultúry karpatskej oblasti pri ČSAV ; 1972, 1973, informatívny bulletin Medzinárodnej komisie pre štúdium ľudovej kultúry v oblasti Karpát 
500 |a Od r. 1972 výška formátu 20 cm, v r. 1976 výška 21 cm 
500 |a Roč. 5 má na obálke uvedený rok 1973, na titulnej strane uvedený rok 1974 
546 |a Text v ruš, angl. franc. ; tiráž v slov. jazyku 
550 |a Vydal ČSAV - Národopisný ústav SAV vo VEDE, vo Vydavateľstve SAV v Bratislave 
650 0 7 |a ľudová kultúra  |2 SNKPH  |9 66058 
650 0 7 |a Folk culture  |2 SNKPHeng  |9 265677 
651 7 |a Karpaty (pohorie)  |2 SNKPHgeo  |9 157023 
651 7 |a Carpathian Mountains  |2 SNKPHeng  |9 274776 
655 7 |a bulletiny  |2 SNKPH  |9 70453 
655 7 |a Information bulletins  |2 SNKPHeng  |9 265498 
710 2 |a Slovenská akadémia vied.  |b Národopisný ústav  |4 pbl  |9 32734 
785 0 0 |t Carpatobalcanica  |w vtls001319041 
910 |a snk 
916 |a 1960-1961,1963,1972-1973,1976 
999 |c 10992  |d 12922 
952 |0 0  |1 0  |4 0  |7 0  |a SNK  |b SNK  |d 2022-05-13  |f 1  |i snkČSP 366/62  |l 0  |o snkČSC 1016/1/1960  |p 17A0812994  |r 2026-02-21 20:03:36  |t č. 1  |w 2026-02-21  |y PREZ 
952 |0 0  |1 0  |4 0  |7 0  |a SNK  |b SNK  |d 2022-05-13  |f 1  |i snkČSP 369/62  |l 0  |o snkČSC 1016/2/1961  |p 17A0812995  |r 2026-02-21 20:03:36  |t č. 1-2  |w 2026-02-21  |y PREZ 
952 |0 0  |1 0  |4 0  |7 0  |a SNK  |b SNK  |d 2022-05-13  |f 1  |i snkKSP 6538/74  |l 0  |o snkČSC 1016/5/1973  |p 17A0812997  |r 2026-02-21 20:04:06  |t č. 1  |w 2026-02-21  |y PREZ  |z Na obálke uvedený rok 1973, na titulnej strane uvedený rok 1974 
952 |0 0  |1 0  |4 0  |7 0  |a SNK  |b SNK  |d 2022-05-13  |i snkKSP 6539/74  |l 0  |o snkČSC 1016/5/1973 D1  |p 17A1462288  |r 2026-02-21 20:04:07  |t č. 1  |w 2026-02-21  |y PREZ  |z Na obálke uvedený rok 1973, na titulnej strane uvedený rok 1974 
952 |0 0  |1 0  |4 0  |7 0  |a SNK  |b SNK  |d 2022-05-13  |f 1  |i snkKSP 4777/76  |l 0  |o snkČSC 1016/6/1976  |p 17A0812998  |r 2026-02-21 20:04:08  |t č. 1  |w 2026-02-21  |y PREZ 
952 |0 0  |1 0  |4 0  |7 0  |a SNK  |b SNK  |d 2022-05-13  |i snkKSP 4778/76  |l 0  |o snkČSC 1016/6/1976 D1  |p 17A1462289  |r 2026-02-21 20:04:08  |t č. 1  |w 2026-02-21  |y PREZ 
952 |0 0  |1 0  |4 0  |7 0  |a SNK  |b SNK  |d 2022-05-13  |f 1  |i snkČSP 713/64  |l 0  |o snkČSC 1016/3/1963  |p 17A0812996  |r 2026-02-21 20:12:11  |w 2026-02-21  |y PREZ 
952 |0 0  |1 0  |4 0  |7 0  |a SNK  |b SNK  |d 2006-01-20  |i snkČSP 367/62  |l 0  |o snkČSC 1016/1/1960 D1  |p 17A0495182  |r 2026-02-21 20:15:42  |t č. 1  |w 2026-02-21  |y PREZ 
952 |0 0  |1 0  |4 0  |7 0  |8 1  |a SNK  |b SNK  |d 1997-11-11  |f 1  |i snkD 3568/76  |l 0  |o snkČSC 1016/4/1972  |p 17A0107456  |r 2005-01-02 00:00:00  |t č. 1-2  |w 2026-02-21  |y PREZ 
952 |0 0  |1 0  |4 0  |7 0  |8 3  |a SNK  |b SNK  |d 1998-02-03  |i snkK 441/98  |l 0  |o snkČSC 1016/4/1972 D1  |p 17A0118295  |r 2005-01-02 00:00:00  |t č. 1-2  |w 2026-02-21  |y PREZ 
952 |0 0  |1 0  |4 0  |7 0  |a SNK  |b SNK  |d 2006-01-20  |i snkČSP 712/64  |l 0  |o snkČSC 1016/3/1963 D1  |p 17A0495004  |r 2026-02-21 21:10:42  |w 2026-02-21  |y PREZ 
952 |0 0  |1 0  |4 0  |7 0  |a SNK  |b SNK  |d 2006-01-20  |i snkČSP 368/62  |l 0  |o snkČSC 1016/2/1961 D1  |p 17A0495090  |r 2026-02-21 21:10:42  |t č. 1-2  |w 2026-02-21  |y PREZ